000 00449nam a22001697a 4500
005 20180807144311.0
008 160514b xxu||||| |||| 00| 0 eng d
020 _a0-07-053079-3
041 _aeng
082 _b2231
_a658.3
100 _aH.John and Bernardin
_94711
245 _aHuman Resource Management:an expirential approach
260 _aNew Delhi
_bTata McGraw Hill Ltd.
_c2004
300 _a567p,
650 _aManagement
_9241
942 _cBK
999 _c824
_d824